| 000 | 00521nam a2200157Ia 4500 | ||
|---|---|---|---|
| 008 | 210716s2010 xx 000 0 und d | ||
| 020 | _a9780749457044 | ||
| 041 | _aeng | ||
| 082 | _a658.81 MULR | ||
| 100 | _aMullin, Roddy. | ||
| 245 |
_aSales promotion: how to create implement and integrate campaigns that really work. _bHow to create implement and integrate campaigns that really work. |
||
| 250 | _a5 | ||
| 260 |
_aNew Delhi _bKogan Page _c2010 |
||
| 300 | _axviii,262 | ||
| 650 | _aSales & Distribution Management | ||
| 999 |
_c208490 _d208490 |
||